000 00406nam a2200145Ia 4500
008 100204s9999 xx 000 0 und d
082 _b26505
100 _aअसलेकर प्रशांत
245 _aव्याध
260 _bमधुरा प्रकाशन ठाणे
_c2005
300 _a271
630 _aव्याध
730 _aव्याध
942 _cBOOK
999 _c471685
_d471682